Визуальный и измерительный контроль поверхностей полуфабрикатов и изделий металлургической промышленности; Современные техника и технологии; Т. 3

Detaylı Bibliyografya
Parent link:Современные техника и технологии: 13-я Международная научно-практическая конференция студентов, аспирантов и молодых ученых, г. Томск, 26-30 марта 2007 г./ Томский политехнический университет (ТПУ).— , 2007
Т. 3.— 2007.— С. 124-125
Yazar: Ковтун Т. В.
Diğer Yazarlar: Калиниченко Н. П. Николай Петрович
Dil:Rusça
Baskı/Yayın Bilgisi: 2007
Konular:
Materyal Türü: MixedMaterials Kitap Bölümü
KOHA link:https://koha.lib.tpu.ru/cgi-bin/koha/opac-detail.pl?biblionumber=131669

MARC

LEADER 00000naa2a2200000 4500
001 131669
005 20231031134536.0
035 |a (RuTPU)RU\TPU\book\142599 
090 |a 131669 
100 |a 20080220d2007 k y0rusy50 ca 
101 0 |a rus 
102 |a RU 
200 1 |a Визуальный и измерительный контроль поверхностей полуфабрикатов и изделий металлургической промышленности  |f Т. В. Ковтун, Н. П. Калиниченко 
320 |a Библиогр.: 5 назв. 
461 1 |0 (RuTPU)RU\TPU\book\136926  |t Современные техника и технологии  |o 13-я Международная научно-практическая конференция студентов, аспирантов и молодых ученых, г. Томск, 26-30 марта 2007 г.  |o труды в 3 т.  |f Томский политехнический университет (ТПУ)  |d 2007 
463 0 |0 (RuTPU)RU\TPU\book\136414  |t Т. 3  |v С. 124-125  |d 2007  |p 400 с. 
610 1 |a поверхности 
610 1 |a визуальный контроль 
610 1 |a измерения 
610 1 |a контроль 
610 1 |a металлургия 
610 1 |a полуфабрикаты 
610 1 |a неразрушающий контроль 
610 1 |a сертификация 
610 1 |a персонал 
610 1 |a труды учёных ТПУ 
700 1 |a Ковтун  |b Т. В. 
701 1 |a Калиниченко  |b Н. П.  |c специалист в области неразрушающего контроля  |c доцент Томского политехнического университета, кандидат технических наук  |f 1945-  |g Николай Петрович  |2 stltpush  |3 (RuTPU)RU\TPU\pers\27076 
801 1 |a RU  |b 63413507  |c 20080220  |g PSBO 
801 2 |a RU  |b 63413507  |c 20160318  |g RCR 
942 |c BK